Los administradores públicos que el país necesita: encuentro de las escuelas de administración pública de las Universidades Chilenas. Universidad de Valparaíso 24, 25 y 26 de Julio de 2002
Saved in:
| Institution som forfatter: | |
|---|---|
| Format: | Bog |
| Sprog: | spansk |
| Udgivet: |
Santiago
Ministerio del Interior, Subsecretaría de Desarrollo Regional y Administrativo
2002
|
| Fag: | |
| Tags: |
Tilføj Tag
Ingen Tags, Vær først til at tagge denne postø!
|
MARC
| LEADER | 00000nam a2200000 a 4500 | ||
|---|---|---|---|
| 001 | UCG2977 | ||
| 003 | CL-VaPUC | ||
| 008 | 100805e20021100CL |||||||||||||||||spa|d | ||
| 082 | 0 | 4 | |a 378.068 |b SUB |2 21 |
| 110 | 2 | |a Subsecretaría de Desarrollo Regional y Administrativo, Programa Universidades, Gobiernos Regionales |e author |9 551697 | |
| 245 | 1 | 4 | |a Los administradores públicos que el país necesita: encuentro de las escuelas de administración pública de las Universidades Chilenas. Universidad de Valparaíso 24, 25 y 26 de Julio de 2002 |
| 300 | |a 128 p | ||
| 942 | |c BK | ||
| 945 | |d 20100805 00:00:00 |a mfarfan | ||
| 260 | |a Santiago |b Ministerio del Interior, Subsecretaría de Desarrollo Regional y Administrativo |c 2002 | ||
| 650 | 0 | |a Administración pública |9 255343 | |
| 650 | 0 | |a Universidades |9 256317 | |
| 651 | 7 | |a CHILE |2 CL-VaPUC |9 551698 | |
| 583 | |a last modification |c 20100805 00:00:00 |k Rodrigo Vera | ||
| 999 | |c 342079 |d 342077 | ||
| 952 | |0 0 |1 0 |4 0 |6 378_068000000000000_SUB_2002 |7 0 |8 A |9 438037 |a BIBGIM |b BIBGIM |d 2019-11-22 |i 4701003 |o 378.068 SUB 2002 |p 4701003 |r 2025-01-15 |w 2019-11-22 |y BK |k COM | ||